000 00299nam a22001337a 4500
008 170918b xxu||||| |||| 00| 0 eng d
020 _a9780375752681
041 _aeng
080 _a7
100 _a44
101 _aART
245 _aMEETINGS WITH REMARKABLE TREES
_cPAKENHAM,TH
942 _2udc
_cBK
999 _c28116
_d28116